Word Ladder: Creature Feature Quiz Stats

 Plays Quiz Updated Dec 12, 2015

Challenge
Share
Tweet
Embed
Score 0/60 Timer 06:00
2 Plays Today
Clue 4-Letter Word % Correct
• What carnivores eat •MEAT
98.2%
Mathematical averageMEAN
95.8%
A drop from the eyeTEAR
95.5%
Wild pigBOAR
95.5%
Temporary money sourceLOAN
94.7%
Got tallerGREW
94.6%
Diving bird or crazy personLOON
94.2%
A ship's workersCREW
94.1%
Perceive soundHEAR
94%
Back endREAR
93.9%
Like Jack Sprat's dietLEAN
93.8%
• Feline member of Carnivora •LION
93.7%
• Sound made by [first rung] •ROAR
92.8%
• Ursine member of Carnivora •BEAR
92.5%
Ice clump from the skyHAIL
92%
Side of a riverBANK
90.2%
Cause pain HURT
90.2%
• To stalk and catch dinner •HUNT
90.1%
Color associated with [last rung]GREY
90.1%
• All mammals have this •HAIR
89.8%
Estate recipient HEIR
89.3%
Shelf-like bed (as on a ship)BUNK
88.8%
Fuel gotten from a bogPEAT
88.5%
Baseball hit that won't go farBUNT
88.4%
• Animal that may become dinner •PREY
88.1%
Slang for your dad or grandfatherPOPS
87.8%
6-faced solid with equal sidesCUBE
86.5%
Beer ingredientsHOPS
86.4%
Address a deityPRAY
86.1%
Stop a car and leave itPARK
86%
Clue 4-Letter Word % Correct
• Sound from domestic [last rung] •BARK
85.2%
Preserve meat in saltCURE
85.2%
• The young of [first rung] •CUBS
84.8%
Walk to and fro and to and fro...PACE
84.8%
Cabbage side dishSLAW
84.1%
Blunt and a bit rudeCURT
83.7%
Medieval club with a spiked headMACE
82.3%
An idiot (in the UK)PRAT
81.9%
• Feature of male [first rung] •MANE
81.8%
Airplane booking choiceSEAT
81.7%
Where ore comes fromMINE
81.6%
Alternate to passFAIL
81.4%
• Social structure of [last rung] •PACK
81.3%
• What mammals feed their young •MILK
81%
Thin strip of woodSLAT
80.7%
• The young of [last rung] •PUPS
79%
• Canine member of Carnivora •WOLF
78%
Duck with blue/green on its wingsTEAL
77.2%
Pouch off the esophagusCRAW
76.2%
• Foot hook for catching dinner •CLAW
76.1%
Poultry birdFOWL
74.8%
Suit of the Tarot deckCUPS
74.8%
Thin, flexible metal sheetFOIL
74.7%
Safest curry optionMILD
74.7%
• Sound made by [last rung] •HOWL
74.5%
Untouched by civilizationWILD
74.3%
• Musteline member of Carnivora •MINK
74.2%
• Phocine member of Carnivora •SEAL
74.1%
Methods or waysHOWS
71.9%
Tract of open countryWOLD
65.2%

Today's Daily Dose

You're not logged in!

Compare scores with friends on all Sporcle quizzes.
Join for Free
OR
Log In

You Might Also Like...

Show Comments

Extras

Top Quizzes Today


Score Distribution

Your Account Isn't Verified!

In order to create a playlist on Sporcle, you need to verify the email address you used during registration. Go to your Sporcle Settings to finish the process.

Report this User

Report this user for behavior that violates our Community Guidelines.

Details: